| 000 | 01194nam a2200349 a 4500 | ||
|---|---|---|---|
| 999 |
_c23261 _d23261 |
||
| 001 | vtls008695809 | ||
| 005 | 20220615113402.0 | ||
| 008 | 060426s2006 xr a f 000 0 cze c | ||
| 020 | _a802471387X (brož.) | ||
| 040 |
_aSVKPO _bslo _cSVKPO _eAACR2 |
||
| 041 | 1 |
_acze _heng |
|
| 044 |
_axr _cCZ |
||
| 072 | 7 |
_a005 _xManažment. Riadenie _2konspekt |
|
| 080 |
_a005 _2MDT-MRF |
||
| 080 |
_a316.46/.47 _2MDT-MRF |
||
| 080 |
_a331.101.3 _2MDT-MRF |
||
| 080 |
_a(0.062) _2MDT-MRF |
||
| 100 | 1 |
_aTemplar, Richard _9799 |
|
| 245 | 1 | 0 |
_a100 zlatých pravidel úspěšného manažera _cRichard Templar ; [z anglického originálu přeložili Milina Krajčovičová, Daniel Helekal] |
| 246 | 0 | _aRules of management | |
| 246 | 3 | _aŠtyri ročné obdobia | |
| 250 | _a1. vyd. | ||
| 260 |
_aPraha _bGrada _c2006 |
||
| 300 |
_a230 s. _bilistr. _c21 cm |
||
| 650 | 0 | 7 |
_amanažment _2snkph _93083 |
| 650 | 0 | 7 |
_ariadiaca práca _2snkph _93141 |
| 650 | 0 | 7 |
_aprofesný úspech _2snkph _93142 |
| 655 | 7 |
_apopulárno-náučné publikácie _2snkph _91486 |
|
| 700 | 1 |
_aKrajčovičová, Milina _4trl _93143 |
|
| 700 | 1 |
_aHelekal, Daniel _4trl _93144 |
|
| 765 | 1 |
_tRules of management . Česky _aTemplar, Richard |
|